| 000 | 00870nam a22002657a 4500 | ||
|---|---|---|---|
| 005 | 20170123162332.0 | ||
| 010 | _aB-156724 | ||
| 020 | _c150.00 | ||
| 035 | _aB-156724 | ||
| 037 | _bCen Lib/Ret | ||
| 040 |
_aDPL _bUR |
||
| 082 |
_a841.08 _bر ف ع |
||
| 100 |
_aعطیہ سلطان _9122497 |
||
| 245 |
_aرفعت سروش / _cعطیہ سلطان |
||
| 246 |
_aRifat Sarosh / _bby Alita Sultaan |
||
| 260 |
_aبھوپال _bبابل علم پبلکشنس _c2002 |
||
| 270 |
_a6 کانڑ اپارٹمنٹ لیک ویو روڈ _bبھوپال _e462001 |
||
| 300 |
_a176p. _c21cm(Hb) |
||
| 500 | _aکتابیات شامل | ||
| 650 |
_aادب -- اردو _9122498 |
||
| 650 |
_aاردوسوانے عمری _9108678 |
||
| 650 |
_aLiterature -- urdu _9122499 |
||
| 650 |
_aUrdu biography _9511 |
||
| 942 |
_2ddc _cUR _h841.08 _mر ف ع |
||
| 999 |
_c107902 _d107902 |
||